[Event "Hoogeveen op 23rd"]
[Site "Hoogeveen"]
[Date "2019.10.26"]
[Round "9"]
[White "Van der Veen, Jan"]
[Black "Labruyere, Roger"]
[Result "0-1"]
[WhiteElo "2043"]
[BlackElo "1932"]
[PlyCount "76"]
[EventDate "2019.10.19"]
[EventType "swiss"]
[EventRounds "9"]
[EventCountry "NED"]
[SourceTitle "CBM 192 Extra"]
[Source "Chessbase"]
[SourceDate "2019.11.06"]
[SourceVersion "1"]
[SourceVersionDate "2019.11.06"]
[SourceQuality "1"]

1. e4 c5 2. Nf3 d6 3. Bb5+ Bd7 4. Bxd7+ Qxd7 5. 0-0 Nc6 6. c3 Nf6 7. Re1 e6 8. d4 cxd4 9. cxd4 d5 10. e5 Ne4 11. Nbd2 Nxd2 12. Bxd2 Be7 13. Bg5 0-0 14. Bxe7 Qxe7 15. Re3 Rac8 16. Rc1 Na5 17. Rec3 Rxc3 18. Rxc3 Qb4 19. Qc1 Nc6 20. a3 Qb6 21. Qd2 a5 22. b3 h6 23. g3 Na7 24. a4 Nc6 25. Rd3 Rc8 26. Rc3 Qb4 27. Qb2 Kf8 28. Rc5 Qb6 29. Ne1 Ke7 30. Kg2 Kd7 31. Nd3 Qa6 32. Rb5 b6 33. Qa3 Nxd4 34. Qd6+ Ke8 35. Nc5 Qa7 36. Rxb6 Nf5 37. Nb7 Nxd6 38. Nxd6+ Kd7 0-1

[Event "Hoogeveen op 23rd"]
[Site "Hoogeveen"]
[Date "2019.10.23"]
[Round "6"]
[White "Albers, Sasa"]
[Black "Van der Veen, Jan"]
[Result "1-0"]
[WhiteElo "1975"]
[BlackElo "2043"]
[PlyCount "101"]
[EventDate "2019.10.19"]
[EventType "swiss"]
[EventRounds "9"]
[EventCountry "NED"]
[SourceTitle "CBM 192 Extra"]
[Source "Chessbase"]
[SourceDate "2019.11.06"]
[SourceVersion "1"]
[SourceVersionDate "2019.11.06"]
[SourceQuality "1"]

1. e4 e5 2. Nf3 Nc6 3. Bb5 a6 4. Ba4 Nf6 5. 0-0 Be7 6. Bxc6 dxc6 7. d3 Nd7 8. Nbd2 f6 9. Nc4 Nc5 10. h3 Be6 11. Ne3 Qd7 12. a4 a5 13. Bd2 b6 14. Qe2 0-0 15. Rfe1 Rad8 16. Nf1 Nb7 17. Ng3 Bb4 18. Bxb4 axb4 19. d4 exd4 20. Red1 c5 21. e5 f5 22. Nh5 h6 23. Nf4 Na5 24. Re1 Rfe8 25. b3 Qf7 26. Rad1 g5 27. Nxe6 Rxe6 28. h4 g4 29. Nd2 Qh5 30. Nc4 Nc6 31. g3 Rde8 32. Ra1 Kh8 33. Qd2 Kh7 34. Qf4 Ne7 35. a5 Nd5 36. Qc1 b5 37. Nb2 c4 38. bxc4 bxc4 39. Nxc4 Ra8 40. Qd2 c5 41. Qd3 Qg6 42. h5 Qxh5 43. Nd6 Qg6 44. Qb5 Ne7 45. Qb7 Rf8 46. a6 f4 47. a7 fxg3 48. fxg3 Rf3 49. Qe4 Rxg3+ 50. Kh2 Rh3+ 51. Kg2 1-0

[Event "Hoogeveen op 21st"]
[Site "Hoogeveen"]
[Date "2017.10.24"]
[Round "5"]
[White "Weihrauch, Jakob"]
[Black "Van der Veen, Jan"]
[Result "1/2-1/2"]
[WhiteElo "1901"]
[BlackElo "2058"]
[PlyCount "93"]
[EventDate "2017.10.21"]
[EventType "swiss"]
[EventRounds "9"]
[EventCountry "NED"]
[SourceTitle "CBM 181 Extra"]
[Source "ChessBase"]
[SourceDate "2017.12.12"]
[SourceVersion "1"]
[SourceVersionDate "2017.12.12"]
[SourceQuality "1"]

1. e4 e5 2. Nf3 Nc6 3. Bb5 a6 4. Ba4 Nf6 5. d3 b5 6. Bb3 Be7 7. a4 Rb8 8. axb5 axb5 9. 0-0 0-0 10. Nc3 d6 11. h3 h6 12. Nd5 Nxd5 13. Bxd5 Bb7 14. c3 Ra8 15. Be3 Rxa1 16. Qxa1 Qa8 17. b4 Bf6 18. Qb2 Qc8 19. Ra1 Ne7 20. Bxb7 Qxb7 21. Ra7 Qb8 22. Qa2 Nc6 23. Ra6 Qb7 24. g3 Kh7 25. Kg2 g6 26. Ra3 Bg7 27. Qd5 Nd8 28. Ra7 Qc8 29. Qxb5 Ne6 30. Nh4 f5 31. exf5 gxf5 32. Qc6 f4 33. Qe4+ Kg8 34. Ng6 Re8 35. Ne7+ Rxe7 36. Ra8 Qxa8 37. Qxa8+ Kf7 38. Qf3 Kg8 39. gxf4 exf4 40. Bxf4 Rf7 41. Qa8+ Rf8 42. Qd5 Kf7 43. Qh5+ Ke7 44. Bxh6 Rg8 45. Qg6 Rf8 46. d4 Rf6 47. Qe4 1/2-1/2

[Event "Hoogeveen Unive op 19th"]
[Site "Hoogeveen"]
[Date "2015.10.23"]
[Round "8"]
[White "Van der Veen, Jan"]
[Black "Boer, Alef"]
[Result "1/2-1/2"]
[WhiteElo "2070"]
[BlackElo "2151"]
[PlyCount "31"]
[EventDate "2015.10.17"]
[EventType "swiss"]
[EventRounds "9"]
[EventCountry "NED"]
[SourceTitle "EXT 2017"]
[Source "ChessBase"]
[SourceDate "2016.10.25"]
[SourceVersion "1"]
[SourceVersionDate "2016.10.25"]
[SourceQuality "1"]

1. e4 Nf6 2. e5 Nd5 3. d4 d6 4. exd6 exd6 5. c4 Nb6 6. Nc3 Nc6 7. Be3 Be7 8. Bd3 0-0 9. b3 Re8 10. Nge2 Bg5 11. Qd2 Bxe3 12. fxe3 Qh4+ 13. g3 Qe7 14. Kf2 Bg4 15. Rhe1 Rad8 16. Nf4 1/2-1/2

[Event "Hoogeveen Unive op 19th"]
[Site "Hoogeveen"]
[Date "2015.10.18"]
[Round "2"]
[White "Van der Veen, Jan"]
[Black "Vogel, Jaap"]
[Result "1/2-1/2"]
[WhiteElo "2070"]
[BlackElo "2175"]
[PlyCount "39"]
[EventDate "2015.10.17"]
[EventType "swiss"]
[EventRounds "9"]
[EventCountry "NED"]
[SourceTitle "EXT 2017"]
[Source "ChessBase"]
[SourceDate "2016.10.25"]
[SourceVersion "1"]
[SourceVersionDate "2016.10.25"]
[SourceQuality "1"]

1. e4 e6 2. d4 d5 3. Nc3 Bb4 4. e5 b6 5. a3 Bf8 6. Nf3 Ne7 7. h4 Qd7 8. h5 h6 9. Bb5 c6 10. Ba4 Ba6 11. Ne2 Bb5 12. Bxb5 cxb5 13. Qd3 a6 14. Bd2 Nbc6 15. Kf1 Nc8 16. Rh3 N8a7 17. Kg1 a5 18. Rg3 Ne7 19. b3 Rc8 20. Rh3 1/2-1/2

[Event "Oberliga Nord W 1415"]
[Site "Germany"]
[Date "2015.01.18"]
[Round "5.8"]
[White "Van der Veen, Jan"]
[Black "Traetmar, Mattis"]
[Result "1-0"]
[WhiteElo "2081"]
[BlackElo "1794"]
[PlyCount "79"]
[EventDate "2014.09.22"]
[EventType "team-tourn"]
[EventRounds "9"]
[EventCountry "GER"]
[SourceTitle "EXT 2016"]
[Source "ChessBase"]
[SourceDate "2015.10.08"]
[SourceVersion "1"]
[SourceVersionDate "2015.10.08"]
[SourceQuality "1"]
[WhiteTeam "Nordhorn Blanke"]
[BlackTeam "Delmenhorst"]
[WhiteTeamCountry "GER"]
[BlackTeamCountry "GER"]

1. e4 c5 2. Nc3 d6 3. f4 Nc6 4. Nf3 Nf6 5. g3 a6 6. Bg2 Bg4 7. d3 e5 8. h3 Bxf3 9. Qxf3 Nd4 10. Qf2 b5 11. 0-0 Be7 12. fxe5 dxe5 13. Nd5 a5 14. c3 Ne6 15. Qf5 Qd6 16. Be3 Rf8 17. Nxe7 Kxe7 18. Rad1 Nd7 19. Qxh7 g6 20. Rf2 Nf4 21. gxf4 Rh8 22. Qxf7+ Kd8 23. fxe5 Nxe5 24. Qf6+ Qxf6 25. Rxf6 Ke7 26. Rb6 b4 27. Bg5+ Kd7 28. Bf6 Rhe8 29. Bxe5 Rxe5 30. Rxg6 Rc8 31. Rg7+ Ke6 32. d4 bxc3 33. bxc3 Rh5 34. Rd2 Rh4 35. Rg6+ Kf7 36. Ra6 Rb8 37. e5 Rb1+ 38. Kh2 Ke7 39. Ra7+ Kd8 40. Rf2 1-0

[Event "Hoogeveen Unive op 17th"]
[Site "Hoogeveen"]
[Date "2013.10.25"]
[Round "8"]
[White "Van der Veen, Jan"]
[Black "Wunnink, Michael"]
[Result "1-0"]
[WhiteElo "2056"]
[BlackElo "2244"]
[PlyCount "89"]
[EventDate "2013.10.18"]
[EventType "swiss"]
[EventRounds "9"]
[EventCountry "NED"]
[SourceTitle "EXT 2014"]
[Source "ChessBase"]
[SourceDate "2013.11.20"]
[SourceVersion "1"]
[SourceVersionDate "2013.11.20"]
[SourceQuality "1"]

1. e4 d6 2. d4 Nf6 3. Nc3 e5 4. Nf3 Nbd7 5. g3 g6 6. Bg2 Bg7 7. 0-0 0-0 8. h3 c6 9. a4 b6 10. dxe5 dxe5 11. Be3 Qe7 12. Nd2 Nc5 13. b4 Ne6 14. b5 Qb4 15. Ne2 cxb5 16. c3 Qa5 17. c4 bxc4 18. Nxc4 Qa6 19. Qb3 Nd7 20. Nc3 Ndc5 21. Qb5 Nc7 22. Qxa6 Bxa6 23. Bxc5 bxc5 24. Nb5 Bxb5 25. axb5 Nxb5 26. Ra5 Rfb8 27. Rfa1 Rb7 28. Bf1 Nd4 29. R1a2 Ne6 30. Ra6 h5 31. h4 Nc7 32. R6a5 Nb5 33. Ra1 Nd4 34. Ra6 Ne6 35. Nd6 Rd7 36. Bc4 Nd4 37. Nxf7 Kf8 38. Ng5 Nc2 39. Rc1 Nb4 40. Rxg6 Ke8 41. Bb5 Bf8 42. Rd1 Rad8 43. Ne6 Ke7 44. Rxd7+ Rxd7 45. Bxd7 1-0

[Event "Hoogeveen Unive op 17th"]
[Site "Hoogeveen"]
[Date "2013.10.24"]
[Round "7"]
[White "Englert, Fabian"]
[Black "Van der Veen, Jan"]
[Result "1-0"]
[WhiteElo "2290"]
[BlackElo "2056"]
[PlyCount "79"]
[EventDate "2013.10.18"]
[EventType "swiss"]
[EventRounds "9"]
[EventCountry "NED"]
[SourceTitle "EXT 2014"]
[Source "ChessBase"]
[SourceDate "2013.11.20"]
[SourceVersion "1"]
[SourceVersionDate "2013.11.20"]
[SourceQuality "1"]

1. d4 Nf6 2. c4 g6 3. Nc3 Bg7 4. Nf3 0-0 5. Bg5 d6 6. e3 Nbd7 7. Be2 e5 8. Qc2 h6 9. Bh4 c6 10. 0-0 Qe7 11. b4 g5 12. Bg3 Nh5 13. dxe5 Nxg3 14. hxg3 dxe5 15. Rab1 f5 16. Nd2 Nf6 17. c5 Be6 18. Bc4 e4 19. Qb3 Bxc4 20. Nxc4 Kh7 21. Nd6 Ng4 22. Ne2 a6 23. Rfd1 Rad8 24. Nd4 Bxd4 25. Rxd4 Kg6 26. Rbd1 h5 27. Nc4 Rxd4 28. Rxd4 Nf6 29. Rd6 Kg7 30. Qd1 Kh7 31. Nb6 Rf7 32. Qd4 Ng4 33. Nc4 Rg7 34. Rd8 Qe6 35. a3 Qe7 36. Qd6 Qf7 37. Ne5 Nxe5 38. Qxe5 Rg8 39. Rd6 Re8 40. Rf6 1-0

[Event "Hoogeveen Unive op 17th"]
[Site "Hoogeveen"]
[Date "2013.10.23"]
[Round "6"]
[White "Van der Veen, Jan"]
[Black "Van Foreest, Lucas"]
[Result "1-0"]
[WhiteElo "2056"]
[BlackElo "2122"]
[PlyCount "53"]
[EventDate "2013.10.18"]
[EventType "swiss"]
[EventRounds "9"]
[EventCountry "NED"]
[SourceTitle "EXT 2014"]
[Source "ChessBase"]
[SourceDate "2013.11.20"]
[SourceVersion "1"]
[SourceVersionDate "2013.11.20"]
[SourceQuality "1"]

1. e4 c5 2. Nc3 Nc6 3. f4 e6 4. Nf3 Nge7 5. d4 cxd4 6. Nxd4 Nxd4 7. Qxd4 Nc6 8. Qf2 Be7 9. Be3 0-0 10. 0-0-0 d6 11. Kb1 b6 12. Nb5 f5 13. Nxd6 fxe4 14. Bb5 Qc7 15. Nxe4 Bb7 16. Bc4 Nd8 17. Bd3 Nf7 18. Qe2 Nd6 19. Nxd6 Bxd6 20. Qh5 h6 21. Qg6 Qe7 22. Qh7+ Kf7 23. Qg6+ Kg8 24. Qh7+ Kf7 25. Bg6+ Kf6 26. Bf5 Qc7 27. Bd4+ 1-0

[Event "Hoogeveen Unive op 17th"]
[Site "Hoogeveen"]
[Date "2013.10.22"]
[Round "5"]
[White "Clemens, Adrian HP"]
[Black "Van der Veen, Jan"]
[Result "0-1"]
[WhiteElo "2206"]
[BlackElo "2056"]
[PlyCount "106"]
[EventDate "2013.10.18"]
[EventType "swiss"]
[EventRounds "9"]
[EventCountry "NED"]
[SourceTitle "EXT 2014"]
[Source "ChessBase"]
[SourceDate "2013.11.20"]
[SourceVersion "1"]
[SourceVersionDate "2013.11.20"]
[SourceQuality "1"]

1. d4 Nf6 2. c4 g6 3. Nf3 Bg7 4. g3 0-0 5. Bg2 d6 6. 0-0 c6 7. Nc3 Qa5 8. h3 e5 9. e4 Nbd7 10. Re1 exd4 11. Nxd4 Ne5 12. Bf1 Qb6 13. Kg2 Re8 14. f4 Ned7 15. Nb3 Qc7 16. Kh2 h5 17. Qf3 a5 18. a4 Qb6 19. Ra3 g5 20. Be3 g4 21. hxg4 Nxg4+ 22. Qxg4 hxg4 23. Bxb6 Nxb6 24. Raa1 Be6 25. Nd2 Bd4 26. f5 Bd7 27. Be2 d5 28. cxd5 cxd5 29. Bxg4 Rac8 30. exd5 Bxc3 31. bxc3 Rxc3 32. Ne4 Rc2+ 33. Kh3 Kg7 34. Kh4 f6 35. Bh5 Rh2+ 36. Kg4 Nxd5 37. Bxe8 Bxe8 38. Kf3 Bc6 39. Re2 Rh1 40. Kg4 Rh8 41. Rc1 Bxa4 42. Nc3 Nxc3 43. Rxc3 Bd1 44. Rc7+ Kh6 45. Rce7 a4 46. Kf4 Bxe2 47. Rxe2 a3 48. Rh2+ Kg7 49. Ra2 Ra8 50. Ke4 Ra5 51. Kd4 Kh6 52. Kc4 Kg5 53. Kb4 b6 0-1

[Event "Hoogeveen Unive op 17th"]
[Site "Hoogeveen"]
[Date "2013.10.19"]
[Round "2"]
[White "Van der Veen, Jan"]
[Black "Knol, Geon"]
[Result "1/2-1/2"]
[WhiteElo "2056"]
[BlackElo "2147"]
[PlyCount "111"]
[EventDate "2013.10.18"]
[EventType "swiss"]
[EventRounds "9"]
[EventCountry "NED"]
[SourceTitle "EXT 2014"]
[Source "ChessBase"]
[SourceDate "2013.11.20"]
[SourceVersion "1"]
[SourceVersionDate "2013.11.20"]
[SourceQuality "1"]

1. e4 b6 2. d4 Bb7 3. Bd3 e6 4. Nf3 c5 5. 0-0 cxd4 6. Nxd4 Nc6 7. Nxc6 Bxc6 8. Nc3 Nf6 9. f4 Bc5+ 10. Kh1 h5 11. e5 Ng4 12. Qe1 Bf2 13. Rxf2 Qh4 14. Kg1 Qxh2+ 15. Kf1 Bxg2+ 16. Ke2 Qh3 17. Bd2 Nxf2 18. Kxf2 Qf3+ 19. Kg1 Qg4 20. Qf2 Be4+ 21. Kh2 Bf5 22. Bxf5 Qxf5 23. Qg2 0-0 24. Rg1 g6 25. Ne4 Kg7 26. Qf3 d5 27. exd6 Qd5 28. Bc3+ Kh6 29. Rd1 Qf5 30. Rg1 Qd5 31. Rg5 f5 32. Qg3 Rg8 33. Nf6 Qxd6 34. Nxg8+ Rxg8 35. Be5 Qd1 36. Qg2 Kh7 37. b3 Qe1 38. Kh3 Qd1 39. Rg3 g5 40. Rxg5 Rxg5 41. fxg5 Kg6 42. Bf4 b5 43. Kh2 a5 44. Qf2 Qg4 45. c3 a4 46. bxa4 bxa4 47. c4 Qd1 48. c5 Qd5 49. Qb2 h4 50. Qc2 Qd4 51. Bc1 Qe5+ 52. Kh1 Qe1+ 53. Kh2 Qg3+ 54. Kh1 Qe1+ 55. Kh2 Qg3+ 56. Kh1 1/2-1/2

[Event "Hoogeveen Unive op 17th"]
[Site "Hoogeveen"]
[Date "2013.10.18"]
[Round "1"]
[White "Piasetski, Leon David"]
[Black "Van der Veen, Jan"]
[Result "1-0"]
[WhiteElo "2295"]
[BlackElo "2056"]
[PlyCount "69"]
[EventDate "2013.10.18"]
[EventType "swiss"]
[EventRounds "9"]
[EventCountry "NED"]
[SourceTitle "EXT 2014"]
[Source "ChessBase"]
[SourceDate "2013.11.20"]
[SourceVersion "1"]
[SourceVersionDate "2013.11.20"]
[SourceQuality "1"]

1. Nf3 Nf6 2. c4 g6 3. Nc3 Bg7 4. e4 d6 5. d4 0-0 6. h3 c6 7. Be3 e5 8. d5 cxd5 9. cxd5 Na6 10. Nd2 Bd7 11. Be2 Qb8 12. a4 Rc8 13. 0-0 Be8 14. a5 Nd7 15. Qb3 Bf8 16. Qa3 Nc7 17. b4 b5 18. a6 Nb6 19. Rfc1 Na4 20. Ndb1 Nxc3 21. Nxc3 Bd7 22. Ra2 Be7 23. Rac2 Ne8 24. Nb1 Rxc2 25. Rxc2 Bd8 26. Nd2 Bb6 27. Bg4 f5 28. exf5 gxf5 29. Be2 Nf6 30. Nf3 Kh8 31. Ng5 Bxe3 32. Qxe3 Nxd5 33. Qd2 Qg8 34. Bf3 e4 35. Qd4+ 1-0

[Event "Hoogeveen Unive op 15th"]
[Site "Hoogeveen"]
[Date "2011.10.21"]
[Round "8"]
[White "Van Foreest, Lucas"]
[Black "Van der Veen, Jan"]
[Result "1-0"]
[WhiteElo "1918"]
[BlackElo "2115"]
[PlyCount "63"]
[EventDate "2011.10.14"]
[EventType "swiss"]
[EventRounds "9"]
[EventCountry "NED"]
[SourceTitle "CBM 144 Extra"]
[Source "ChessBase"]
[SourceDate "2011.10.28"]
[SourceVersion "1"]
[SourceVersionDate "2011.10.28"]
[SourceQuality "1"]

1. e4 e5 2. Nf3 Nc6 3. Bb5 Nf6 4. Qe2 Bc5 5. c3 0-0 6. 0-0 d6 7. d3 h6 8. Nbd2 a6 9. Ba4 Ba7 10. Rd1 Ng4 11. Rf1 f5 12. exf5 Bxf5 13. Bxc6 bxc6 14. h3 Nf6 15. Ne4 Nh5 16. d4 Nf4 17. Bxf4 exf4 18. Ned2 Qd7 19. Qxa6 Bxh3 20. gxh3 Qxh3 21. Qxc6 Rab8 22. Nh2 f3 23. Ndxf3 Rf6 24. Kh1 Rbf8 25. Qd5+ Kh8 26. Ng1 Qh4 27. f4 c6 28. Qxc6 Rf5 29. a4 d5 30. Qg6 h5 31. Ngf3 Qxf4 32. Ng5 1-0

[Event "Hoogeveen Unive op 15th"]
[Site "Hoogeveen"]
[Date "2011.10.19"]
[Round "6"]
[White "Beerdsen, Thomas"]
[Black "Van der Veen, Jan"]
[Result "1/2-1/2"]
[WhiteElo "2019"]
[BlackElo "2115"]
[PlyCount "118"]
[EventDate "2011.10.14"]
[EventType "swiss"]
[EventRounds "9"]
[EventCountry "NED"]
[SourceTitle "CBM 144 Extra"]
[Source "ChessBase"]
[SourceDate "2011.10.28"]
[SourceVersion "1"]
[SourceVersionDate "2011.10.28"]
[SourceQuality "1"]

1. e4 e5 2. Nf3 Nc6 3. Bb5 Nf6 4. 0-0 Nxe4 5. Qe2 Nd6 6. Bxc6 dxc6 7. Qxe5+ Qe7 8. Qa5 Be6 9. d3 a6 10. Re1 0-0-0 11. Nc3 h6 12. Bf4 Rg8 13. Re2 Nf5 14. Rae1 Nd4 15. Nxd4 Rxd4 16. Ne4 Qd8 17. Be3 Rd5 18. Qa4 Be7 19. d4 Rd7 20. c4 Bf5 21. Ng3 Bg6 22. Rd2 Re8 23. b4 Kb8 24. b5 cxb5 25. cxb5 axb5 26. Qxb5 Rd5 27. Qb3 b6 28. Bf4 Kb7 29. Rc1 c6 30. Be3 Bg5 31. Bxg5 Qxg5 32. Qc3 Re6 33. Rb2 Rxd4 34. Rxb6+ Kxb6 35. Qxd4+ Kc7 36. Rd1 Qe7 37. Qa7+ Kc8 38. Qa8+ Kc7 39. Qa5+ Kc8 40. h3 f6 41. Nf5 Bxf5 42. Qxf5 g6 43. Qa5 Re5 44. Qa6+ Kc7 45. Qa7+ Kc8 46. Qa8+ Kc7 47. Kh2 Rb5 48. Qa7+ Rb7 49. Qa5+ Rb6 50. Qd2 g5 51. g3 Rb5 52. Rc1 h5 53. Qc2 Qd6 54. a4 Rb4 55. Qh7+ Kb6 56. a5+ Ka6 57. Qf5 Rb2 58. Rc5 h4 59. Rc3 hxg3+ 1/2-1/2

[Event "Hoogeveen Unive op 15th"]
[Site "Hoogeveen"]
[Date "2011.10.17"]
[Round "4"]
[White "Vedder, Richard"]
[Black "Van der Veen, Jan"]
[Result "1-0"]
[WhiteElo "2260"]
[BlackElo "2115"]
[PlyCount "62"]
[EventDate "2011.10.14"]
[EventType "swiss"]
[EventRounds "9"]
[EventCountry "NED"]
[SourceTitle "CBM 144 Extra"]
[Source "ChessBase"]
[SourceDate "2011.10.28"]
[SourceVersion "1"]
[SourceVersionDate "2011.10.28"]
[SourceQuality "1"]

1. e4 e5 2. Nf3 Nc6 3. Bb5 Nf6 4. 0-0 Nxe4 5. d4 Be7 6. Re1 Nd6 7. Bxc6 dxc6 8. dxe5 Nf5 9. Qxd8+ Bxd8 10. Nc3 h6 11. b3 0-0 12. Bb2 Be7 13. Ne2 a5 14. Nf4 g5 15. Nh5 g4 16. Nd2 Rd8 17. Ne4 Nd4 18. Nef6+ Kh8 19. Rac1 Be6 20. Kf1 c5 21. Re4 Bf5 22. Rf4 Bxc2 23. Rxd4 cxd4 24. Rxc2 d3 25. Rd2 a4 26. e6 axb3 27. Nd5+ Kh7 28. Nxe7 Rxa2 29. Nf6+ Kh8 30. Ng6+ Kg7 31. e7 Rda8 1-0

[Event "Hoogeveen Unive op 15th"]
[Site "Hoogeveen"]
[Date "2011.10.14"]
[Round "1"]
[White "Van der Veen, Jan"]
[Black "Van Delft, Merijn"]
[Result "0-1"]
[WhiteElo "2115"]
[BlackElo "2413"]
[PlyCount "50"]
[EventDate "2011.10.14"]
[EventType "swiss"]
[EventRounds "9"]
[EventCountry "NED"]
[SourceTitle "CBM 144 Extra"]
[Source "ChessBase"]
[SourceDate "2011.10.28"]
[SourceVersion "1"]
[SourceVersionDate "2011.10.28"]
[SourceQuality "1"]

1. e4 c5 2. Nc3 a6 3. f4 b5 4. g3 Bb7 5. Bg2 e6 6. d3 d5 7. Qe2 Nc6 8. Nf3 dxe4 9. dxe4 Nd4 10. Nxd4 cxd4 11. Nd1 Rc8 12. 0-0 Bc5 13. Kh1 Nf6 14. Nf2 0-0 15. Bd2 b4 16. Nd3 a5 17. Nxc5 Rxc5 18. Qd3 Qa8 19. Rfe1 Ba6 20. Qb3 Rd8 21. a3 d3 22. axb4 Rxc2 23. Rxa5 Rxd2 24. b5 Qa7 25. b6 Qb7 0-1

[Event "Hoogeveen Unive op"]
[Site "Hoogeveen"]
[Date "2009.10.20"]
[Round "5"]
[White "Genova, Liubka"]
[Black "Van der Veen, Jan"]
[Result "1/2-1/2"]
[WhiteElo "2250"]
[BlackElo "2144"]
[PlyCount "36"]
[EventDate "2009.10.16"]
[EventType "swiss"]
[EventRounds "9"]
[EventCountry "NED"]
[SourceTitle "CBM 132 Extra"]
[Source "ChessBase"]
[SourceDate "2009.11.03"]
[SourceVersion "1"]
[SourceVersionDate "2009.11.03"]
[SourceQuality "1"]

1. e4 e5 2. Nf3 Nc6 3. Nc3 Nf6 4. Bb5 Nd4 5. Nxd4 exd4 6. e5 dxc3 7. exf6 Qxf6 8. dxc3 Qe5+ 9. Be2 Bc5 10. 0-0 0-0 11. Bd3 d5 12. Qf3 Bd6 13. g3 c6 14. Bd2 Qe6 15. Qh5 h6 16. Kg2 Qg4 17. Qxg4 Bxg4 18. h3 Bd7 1/2-1/2

[Event "Hoogeveen Unive op"]
[Site "Hoogeveen"]
[Date "2009.10.19"]
[Round "4"]
[White "Van der Veen, Jan"]
[Black "Van Kooten, Luuk"]
[Result "1/2-1/2"]
[WhiteElo "2144"]
[BlackElo "2292"]
[PlyCount "31"]
[EventDate "2009.10.16"]
[EventType "swiss"]
[EventRounds "9"]
[EventCountry "NED"]
[SourceTitle "CBM 132 Extra"]
[Source "ChessBase"]
[SourceDate "2009.11.03"]
[SourceVersion "1"]
[SourceVersionDate "2009.11.03"]
[SourceQuality "1"]

1. e4 c5 2. Nc3 a6 3. f4 b5 4. Nf3 Bb7 5. d3 e6 6. g3 Nf6 7. Bg2 Be7 8. 0-0 0-0 9. e5 Nd5 10. Nxd5 Bxd5 11. b3 d6 12. c4 Bc6 13. Qe2 Ra7 14. Be3 d5 15. Rac1 Nd7 16. g4 1/2-1/2

[Event "Hoogeveen Unive op"]
[Site "Hoogeveen"]
[Date "2009.10.17"]
[Round "2"]
[White "Van der Veen, Jan"]
[Black "Bezemer, Arno J"]
[Result "1/2-1/2"]
[WhiteElo "2144"]
[BlackElo "2364"]
[PlyCount "70"]
[EventDate "2009.10.16"]
[EventType "swiss"]
[EventRounds "9"]
[EventCountry "NED"]
[SourceTitle "CBM 132 Extra"]
[Source "ChessBase"]
[SourceDate "2009.11.03"]
[SourceVersion "1"]
[SourceVersionDate "2009.11.03"]
[SourceQuality "1"]

1. e4 c5 2. Nc3 d6 3. f4 g6 4. Nf3 Bg7 5. Bc4 Nc6 6. d3 e6 7. 0-0 Nge7 8. Qe1 0-0 9. a3 Nd4 10. Nxd4 cxd4 11. Ne2 d5 12. Bb3 dxe4 13. dxe4 d3 14. Nc3 Nc6 15. Be3 Nd4 16. Rd1 dxc2 17. Bxc2 Nxc2 18. Rxd8 Nxe1 19. Rxf8+ Kxf8 20. Rxe1 b6 21. Rd1 Ke7 22. Bd4 f6 23. e5 f5 24. Nb5 Bd7 25. Nd6 Bc6 26. Kf2 h6 27. h4 g5 28. hxg5 hxg5 29. Rc1 Kd7 30. Rh1 gxf4 31. Rh7 Rg8 32. Nxf5 exf5 33. Rxg7+ Rxg7 34. e6+ Kxe6 35. Bxg7 Kd5 1/2-1/2

[Event "Oberliga Nord W 0809"]
[Site "Germany"]
[Date "2009.03.01"]
[Round "7.7"]
[White "Van der Veen, Jan"]
[Black "Cablitz, Hans Joachim"]
[Result "1/2-1/2"]
[WhiteElo "2114"]
[BlackElo "2184"]
[PlyCount "80"]
[EventDate "2008.10.05"]
[EventType "team-tourn"]
[EventRounds "9"]
[EventCountry "GER"]
[SourceTitle "EXT 2010"]
[Source "ChessBase"]
[SourceDate "2010.11.25"]
[SourceVersion "1"]
[SourceVersionDate "2010.11.25"]
[SourceQuality "1"]
[WhiteTeam "Nordhorn Blanke"]
[BlackTeam "Hannover PSC"]
[WhiteTeamCountry "GER"]
[BlackTeamCountry "GER"]

1. e4 e6 2. d4 d5 3. Nc3 Nf6 4. Bg5 Be7 5. e5 Nfd7 6. Bxe7 Qxe7 7. f4 a6 8. Nf3 c5 9. dxc5 Qxc5 10. Qd2 Nc6 11. Bd3 b5 12. a3 Bb7 13. Qf2 g6 14. 0-0 Qxf2+ 15. Rxf2 h5 16. Ne2 Rc8 17. Ned4 Nxd4 18. Nxd4 Nb8 19. a4 bxa4 20. Rxa4 Rc7 21. Rf1 Ke7 22. Ra3 Rhc8 23. Rfa1 Nc6 24. Ra4 Nxd4 25. Rxd4 Rc6 26. Rb4 R8c7 27. Kf2 Rc5 28. Ra2 R5c6 29. g3 Bc8 30. Ke3 Rb7 31. Rxb7+ Bxb7 32. c3 Kd7 33. Kd4 Kc7 34. b4 Kb6 35. Ra3 Rc8 36. Ra5 Rc7 37. Ra2 Rc8 38. Ra1 Rd8 39. Ra2 Rc8 40. Ra1 Rd8 1/2-1/2

[Event "Hoogeveen Essent op"]
[Site "Hoogeveen"]
[Date "2008.10.22"]
[Round "6"]
[White "Cako, Laszlo"]
[Black "Van der Veen, Jan"]
[Result "1-0"]
[WhiteElo "2233"]
[BlackElo "2114"]
[PlyCount "45"]
[EventDate "2008.10.17"]
[EventType "swiss"]
[EventRounds "9"]
[EventCountry "NED"]
[SourceTitle "CBM 126 Extra"]
[Source "ChessBase"]
[SourceDate "2008.11.05"]
[SourceVersion "1"]
[SourceVersionDate "2008.11.05"]
[SourceQuality "1"]

1. e4 e5 2. Nf3 Nc6 3. Bb5 Nf6 4. 0-0 Nxe4 5. d4 Be7 6. Re1 Nd6 7. dxe5 Nxb5 8. a4 d6 9. e6 Bxe6 10. axb5 Ne5 11. Nd4 Qd7 12. Nc3 c5 13. Nxe6 fxe6 14. Ra4 Ng6 15. Rae4 0-0-0 16. Rxe6 d5 17. Bf4 Rhe8 18. Bg3 d4 19. Na4 Qxb5 20. Qa1 Kd7 21. c4 Qb4 22. Qd1 Bf8 23. Qg4 1-0

[Event "Hoogeveen Essent op"]
[Site "Hoogeveen"]
[Date "2008.10.20"]
[Round "4"]
[White "Prasanna Raghuram, Rao"]
[Black "Van der Veen, Jan"]
[Result "1-0"]
[WhiteElo "2311"]
[BlackElo "2114"]
[PlyCount "53"]
[EventDate "2008.10.17"]
[EventType "swiss"]
[EventRounds "9"]
[EventCountry "NED"]
[SourceTitle "CBM 126 Extra"]
[Source "ChessBase"]
[SourceDate "2008.11.05"]
[SourceVersion "1"]
[SourceVersionDate "2008.11.05"]
[SourceQuality "1"]

1. e4 e5 2. Nf3 Nc6 3. Bc4 Nf6 4. d3 Be7 5. c3 0-0 6. 0-0 d6 7. Re1 h6 8. Nbd2 Nh7 9. h3 Ng5 10. d4 Bd7 11. a4 a5 12. Nxg5 Bxg5 13. Nf3 Bxc1 14. Rxc1 Qe7 15. Qb3 b6 16. Bd5 Rac8 17. Rcd1 Nb8 18. Bc4 Rcd8 19. dxe5 dxe5 20. Rd5 Qf6 21. Nxe5 Be6 22. Ng4 Bxg4 23. hxg4 Nd7 24. e5 Qh4 25. g3 Qxg4 26. e6 Nc5 27. exf7+ 1-0